[Event "DM Hurtigskak 2024"]
[Site "Helsingor"]
[Date "2024.08.31"]
[Round "1.1"]
[White "Eriksson, Christian Altenburg"]
[Black "Hansen, Sune Berg"]
[Result "0-1"]
[WhiteElo "2080"]
[BlackElo "2576"]
[EventDate "2024.08.31"]
[EventType "swiss"]
[EventRounds "9"]
[EventCountry "DEN"]
[SourceTitle "Live v. Kasper Jerwiarz"]

1. e4 c6 2. d4 d5 3. Nd2 dxe4 4. Nxe4 Nf6 5. Nxf6+ exf6 6. c3 Bd6 7. Bd3 O-O 8. Qc2 Re8+ 9. Ne2 h5 10. O-O h4 11. h3 Nd7 12. Bd2 Nf8 13. Rae1 Bd7 14. f4 Rc8 15. f5 c5 16. Qd1 Qb6 17. b3 cxd4 18. Nxd4 Bb8 19. Qg4 Rxe1 20. Rxe1 Qd6 21. Qxh4 Bc6 22. Be4 Nd7 23. Bxc6 bxc6 24. Rf1 Qh2+ 25. Kf2 Nc5 26. Nf3 Bg3+ 27. Ke3 Qxg2 28. Qc4 Re8+ 29. Kd4 Bf2+ 0-1

[Event "DM Hurtigskak 2024"]
[Site "Helsingor"]
[Date "2024.08.31"]
[Round "1.2"]
[White "Hector, Jonny"]
[Black "Nielsen, Frode Benedikt"]
[Result "1-0"]
[WhiteElo "2498"]
[BlackElo "2066"]
[EventDate "2024.08.31"]
[EventType "swiss"]
[EventRounds "9"]
[EventCountry "DEN"]
[SourceTitle "Live v. Kasper Jerwiarz"]

1. e4 e5 2. Nf3 Nf6 3. Nc3 Bb4 4. Nxe5 Bxc3 5. dxc3 O-O 6. Bc4 Qe7 7. Nf3 Nxe4 8. O-O c6 9. Bd3 d5 10. c4 Bg4 11. h3 Bh5 12. cxd5 cxd5 13. Be2 Rd8 14. Nd4 Bxe2 15. Qxe2 Nc6 16. Nxc6 bxc6 17. f3 Qc5+ 18. Qe3 Qxe3+ 19. Bxe3 Ng3 20. Rfe1 d4 21. Bf2 Nh5 22. Rad1 c5 23. Re5 Nf4 24. Rxc5 Rac8 25. Rxc8 Rxc8 26. Rd2 h6 27. Bxd4 Rc4 28. Be3 Ne6 29. Kf2 a6 30. b3 Rc3 31. Bb6 Kh7 32. Ba5 Rc5 33. Bb4 Rb5 34. Bd6 g5 35. c4 Ra5 36. a4 h5 37. Rd5 Rxd5 38. cxd5 Nd4 39. Be7 Nxb3 40. Bxg5 Kg6 41. Bd8 Kf5 42. Bc7 Nc5 43. g4+ hxg4 44. hxg4+ Kg5 45. a5 f5 46. gxf5 Kxf5 47. Ke3 Nd7 48. Kd4 Kf6 49. Bg3 Kf5 50. d6 Ke6 51. Bh2 Nb8 52. Kc5 Kd7 53. Kb6 Kd8 54. Kb7 Nd7 55. Kxa6 Kc8 56. Kb5 Kb7 57. a6+ Ka7 58. Bg1+ Kb8 59. Bd4 Nf8 60. Kc6 Ne6 61. Bb6 Nf8 62. d7 Ne6 63. Kd6 Nc7 64. d8=R# 1-0

[Event "DM Hurtigskak 2024"]
[Site "Helsingor"]
[Date "2024.08.31"]
[Round "1.3"]
[White "Le Besq, Alexander"]
[Black "Thybo, Jesper Sondergaard"]
[Result "0-1"]
[WhiteElo "2057"]
[BlackElo "2484"]
[EventDate "2024.08.31"]
[EventType "swiss"]
[EventRounds "9"]
[EventCountry "DEN"]
[SourceTitle "Live v. Kasper Jerwiarz"]

1. e4 e5 2. Nf3 Nc6 3. Bb5 g6 4. O-O Bg7 5. c3 a6 6. Ba4 d6 7. d4 Bd7 8. Re1 b5 9. Bc2 Nf6 10. a4 O-O 11. b3 exd4 12. axb5 axb5 13. Rxa8 Qxa8 14. Nxd4 Qb7 15. Bg5 h6 16. Bh4 Re8 17. f3 Ne5 18. Nd2 Qb6 19. Bf2 Qa5 20. b4 Qa3 21. Nb1 Qa8 22. Bb3 c5 23. Ne2 Qc6 24. Qd2 Be6 25. Bxe6 Rxe6 26. Nf4 Re8 27. Rd1 Nc4 28. Qc2 h5 29. h3 Bh6 30. Nd5 Nxd5 31. Rxd5 Ne3 32. Bxe3 Bxe3+ 33. Kh1 cxb4 34. Qd3 bxc3 35. Nxc3 b4 36. Ne2 Bc5 37. Nf4 Qa8 38. Kh2 Qa1 39. Ne2 Qa3 40. Qc4 b3 41. Rd3 Rb8 42. Nc3 b2 43. Nb1 Qb4 44. Qc2 Qe1 45. h4 Qxh4# 0-1

[Event "DM Hurtigskak 2024"]
[Site "Helsingor"]
[Date "2024.08.31"]
[Round "1.4"]
[White "Bjerre, Jonas Buhl"]
[Black "Kryger, Oksana"]
[Result "1-0"]
[WhiteElo "2475"]
[BlackElo "2056"]
[EventDate "2024.08.31"]
[EventType "swiss"]
[EventRounds "9"]
[EventCountry "DEN"]
[SourceTitle "Live v. Kasper Jerwiarz"]

1. e4 e6 2. d4 d5 3. Nd2 c5 4. Ngf3 Nc6 5. exd5 exd5 6. Bb5 Bd6 7. dxc5 Bxc5 8. O-O Nge7 9. Nb3 Bb6 10. h3 O-O 11. c3 Qd6 12. Bd3 Bf5 13. Bxf5 Nxf5 14. Qd3 Ng3 15. Rd1 Rad8 16. Bg5 f6 17. Be3 Bxe3 18. Qxe3 Rfe8 19. Qc5 Ne2+ 20. Kf1 Qe6 21. Re1 Qf5 22. Rxe2 Rxe2 23. Kxe2 Qc2+ 24. Kf1 Qxb2 25. Qe3 Qa3 26. Nbd4 Ne5 27. Nxe5 fxe5 28. Qxe5 Qxc3 29. Re1 Qc4+ 30. Kg1 h6 31. Nf5 1-0

[Event "DM Hurtigskak 2024"]
[Site "Helsingor"]
[Date "2024.08.31"]
[Round "1.5"]
[White "Petersen, Peter Birk"]
[Black "Bromann, Thorbjorn"]
[Result "0-1"]
[WhiteElo "2055"]
[BlackElo "2413"]
[EventDate "2024.08.31"]
[EventType "swiss"]
[EventRounds "9"]
[EventCountry "DEN"]
[SourceTitle "Live v. Kasper Jerwiarz"]

1. e4 g6 2. d4 Bg7 3. Nc3 d6 4. Nf3 a6 5. h3 b5 6. Bd3 Bb7 7. Qe2 Nd7 8. Be3 c5 9. dxc5 dxc5 10. e5 Bxf3 11. gxf3 Bxe5 12. Be4 Rb8 13. Rd1 Qa5 14. O-O Ngf6 15. Bc6 Qc7 16. Bxd7+ Nxd7 17. Nd5 Qc6 18. Bh6 e6 19. f4 exd5 20. fxe5 Qe6 21. Qf3 d4 22. Rfe1 g5 23. Bg7 Rg8 24. Bf6 g4 25. Qe4 gxh3+ 26. Kh2 Rg2+ 27. Kh1 Nxf6 28. exf6 Qxe4 29. Rxe4+ Kf8 30. Rh4 Rb6 31. Rxh3 Rxf2 32. Rh5 Rc6 33. c3 Rcxf6 34. cxd4 Rf1+ 35. Rxf1 Rxf1+ 36. Kg2 Rb1 37. dxc5 Rxb2+ 38. Kf3 Rxa2 39. Ke4 b4 40. c6 Rc2 41. Kd5 b3 42. Rh4 b2 43. Rb4 a5 44. Rb7 a4 45. c7 a3 46. Ke5 0-1

[Event "DM Hurtigskak 2024"]
[Site "Helsingor"]
[Date "2024.08.31"]
[Round "1.6"]
[White "Hove, Esben Kjems"]
[Black "Sorensen, Reto Utiger"]
[Result "1-0"]
[WhiteElo "2305"]
[BlackElo "2049"]
[EventDate "2024.08.31"]
[EventType "swiss"]
[EventRounds "9"]
[EventCountry "DEN"]
[SourceTitle "Live v. Kasper Jerwiarz"]

1. d4 Nf6 2. Bf4 d6 3. Nf3 g6 4. Nbd2 Bg7 5. c3 O-O 6. e4 c5 7. dxc5 dxc5 8. Qc2 Nc6 9. Be2 b6 10. O-O Bb7 11. a4 Qc8 12. h3 Nd8 13. Rfe1 Ne6 14. Bh2 Rd8 15. Bc4 Ba6 16. Bb5 Bxb5 17. axb5 a5 18. Nc4 Nd7 19. Rad1 Qb7 20. Rd2 Bh6 21. Rdd1 Nf6 22. Rxd8+ Rxd8 23. Nfe5 Bf4 24. Bxf4 Nxf4 25. Nc6 Rd7 26. N4e5 Rd6 27. Qb3 e6 28. Re3 Rd2 29. Rf3 g5 30. h4 h6 31. g3 N4h5 32. hxg5 hxg5 33. Nc4 Rd7 34. e5 g4 35. Rxf6 Nxf6 36. exf6 Rd5 37. N4e5 Kf8 38. Qc2 1-0

[Event "DM Hurtigskak 2024"]
[Site "Helsingor"]
[Date "2024.08.31"]
[Round "1.7"]
[White "Wahlgreen, Noah Krug"]
[Black "Jacobsen, Mikkel Manosri"]
[Result "1-0"]
[WhiteElo "2025"]
[BlackElo "2262"]
[EventDate "2024.08.31"]
[EventType "swiss"]
[EventRounds "9"]
[EventCountry "DEN"]
[SourceTitle "Live v. Kasper Jerwiarz"]

1. e4 c5 2. Nf3 Nf6 3. Nc3 d5 4. Bb5+ Bd7 5. Bxd7+ Qxd7 6. exd5 Nxd5 7. Nxd5 Qxd5 8. O-O Nc6 9. c3 g6 10. d4 cxd4 11. Nxd4 Nxd4 12. Qxd4 Qxd4 13. cxd4 Rd8 14. Be3 Bg7 15. Rac1 Kd7 16. Rc4 Rc8 17. b3 Rxc4 18. bxc4 Rc8 19. Rb1 b6 20. Rc1 e5 21. d5 Bf8 22. Kf1 f5 23. f3 Bc5 24. Bd2 Bd4 25. Ke2 e4 26. fxe4 fxe4 27. Be3 Be5 28. Bg1 g5 29. g3 Bd6 30. Bd4 Bc5 31. Bxc5 Rxc5 32. Ke3 b5 33. Kxe4 bxc4 34. Kd4 Ra5 35. Rxc4 Rxa2 36. Rb4 Rxh2 37. Rb7+ Kd6 38. Rxa7 Rd2+ 39. Ke4 Rxd5 40. Ra6+ Kc5 41. Ra5+ Kc4 42. Rxd5 1-0

[Event "DM Hurtigskak 2024"]
[Site "Helsingor"]
[Date "2024.08.31"]
[Round "1.8"]
[White "Pedersen, Daniel Vesterbaek"]
[Black "Fredericia, Louise Winther"]
[Result "1-0"]
[WhiteElo "2240"]
[BlackElo "2020"]
[EventDate "2024.08.31"]
[EventType "swiss"]
[EventRounds "9"]
[EventCountry "DEN"]
[SourceTitle "Live v. Kasper Jerwiarz"]

1. e4 c5 2. c3 g6 3. d4 cxd4 4. cxd4 d5 5. e5 Bg7 6. Nc3 Nc6 7. Bb5 Nh6 8. Bf4 O-O 9. Qd2 Nf5 10. Bxc6 bxc6 11. g4 g5 12. gxf5 gxf4 13. Qxf4 Qd7 14. Nge2 Qxf5 15. Qxf5 Bxf5 16. Ng3 Bh3 17. Rg1 Kh8 18. f4 f6 19. Nce2 c5 20. Nh5 Bh6 21. exf6 exf6 22. dxc5 Rab8 23. b3 a5 24. Rc1 Rbe8 25. Kf2 Be6 26. Kf3 Bf5 27. Nhg3 Bc8 28. c6 Re7 29. Rgd1 Rd8 30. Rc5 Be6 31. Nd4 Bc8 32. Ngf5 Bf8 33. Nxe7 Bxe7 34. Rxa5 h5 35. f5 Bd6 36. Ne6 Rg8 37. Raxd5 Be5 38. Rd8 Bxe6 39. fxe6 Bc7 40. Rxg8+ Kxg8 41. Rd7 1-0

[Event "DM Hurtigskak 2024"]
[Site "Helsingor"]
[Date "2024.08.31"]
[Round "1.9"]
[White "Bjerre, Tavs"]
[Black "Larsen, Karsten"]
[Result "0-1"]
[WhiteElo "2017"]
[BlackElo "2235"]
[EventDate "2024.08.31"]
[EventType "swiss"]
[EventRounds "9"]
[EventCountry "DEN"]
[SourceTitle "Live v. Kasper Jerwiarz"]

1. d4 d5 2. c4 e6 3. Nc3 Bb4 4. e3 Nf6 5. Bd3 c5 6. Nf3 O-O 7. O-O Nc6 8. a3 Bxc3 9. bxc3 dxc4 10. Bxc4 Qc7 11. Qe2 e5 12. h3 Bf5 13. Bb2 b6 14. Rfd1 Rad8 15. Bb5 e4 16. Nd2 Ne7 17. c4 Ng6 18. g4 Bc8 19. g5 Ne8 20. Nxe4 Bxh3 21. dxc5 bxc5 22. Qh5 Bf5 23. Ng3 Bc8 24. Rxd8 Qxd8 25. Rd1 Qe7 26. Ba4 Nd6 27. Qe2 Ne4 28. Rd5 Nxg3 29. fxg3 Be6 30. Rd1 Qxg5 31. Kh2 Bg4 32. Be8 0-1

[Event "DM Hurtigskak 2024"]
[Site "Helsingor"]
[Date "2024.08.31"]
[Round "1.10"]
[White "Ostergaard, Jens"]
[Black "Saugmann, Frederik Chabert"]
[Result "1-0"]
[WhiteElo "2222"]
[BlackElo "1991"]
[EventDate "2024.08.31"]
[EventType "swiss"]
[EventRounds "9"]
[EventCountry "DEN"]
[SourceTitle "Live v. Kasper Jerwiarz"]

1. d4 d5 2. Nf3 Nf6 3. c4 c6 4. Nc3 e6 5. e3 Nbd7 6. Bd3 Be7 7. O-O O-O 8. Qe2 Re8 9. e4 dxe4 10. Nxe4 Nf8 11. Rd1 b6 12. Ne5 Bb7 13. Ng5 h6 14. Ngxf7 Qc7 15. Bf4 Qc8 16. Qe3 Ng4 17. Qg3 h5 18. h3 g5 19. Bxg5 Nxe5 20. Nh6+ Kh8 21. Bf6+ 1-0

[Event "DM Hurtigskak 2024"]
[Site "Helsingor"]
[Date "2024.08.31"]
[Round "2.1"]
[White "Hansen, Sune Berg"]
[Black "Jorgensen, Dennis"]
[Result "1-0"]
[WhiteElo "2576"]
[BlackElo "2197"]
[EventDate "2024.08.31"]
[EventType "swiss"]
[EventRounds "9"]
[EventCountry "DEN"]
[SourceTitle "Live v. Kasper Jerwiarz"]

1. Nf3 Nf6 2. g3 b6 3. Bg2 Bb7 4. O-O c5 5. c4 e6 6. Nc3 a6 7. d4 cxd4 8. Qxd4 Nc6 9. Qf4 Ne7 10. Rd1 Ng6 11. Qd4 Bc5 12. Qd3 O-O 13. Be3 Qc7 14. Bxc5 Qxc5 15. b3 Rac8 16. Rac1 Rfd8 17. Na4 Qc7 18. Qe3 Bxf3 19. exf3 Rb8 20. f4 d6 21. Nc3 Ne7 22. Rd3 Nf5 23. Qd2 Qc5 24. Ne4 Nxe4 25. Bxe4 Rd7 26. Bxf5 exf5 27. Rd5 Qa3 28. Rd1 Rbd8 29. Rxf5 g6 30. Rd5 b5 31. c5 a5 32. c6 Rc7 33. Qc3 Qxa2 34. Qf6 Rf8 35. Rxd6 Qxb3 36. Rd8 Rc8 37. c7 1-0

[Event "DM Hurtigskak 2024"]
[Site "Helsingor"]
[Date "2024.08.31"]
[Round "2.2"]
[White "Falkesgaard, Jeppe Hald"]
[Black "Hector, Jonny"]
[Result "1-0"]
[WhiteElo "2189"]
[BlackElo "2498"]
[EventDate "2024.08.31"]
[EventType "swiss"]
[EventRounds "9"]
[EventCountry "DEN"]
[SourceTitle "Live v. Kasper Jerwiarz"]

1. c4 e5 2. Nc3 Bb4 3. Nd5 a5 4. Nf3 e4 5. Nd4 Ne7 6. a3 Nxd5 7. cxd5 Bc5 8. Qc2 Bxd4 9. Qxe4+ Qe7 10. Qxd4 O-O 11. b3 d6 12. Bb2 f6 13. Rc1 Na6 14. b4 axb4 15. axb4 Bd7 16. e3 Rfc8 17. Bd3 h6 18. O-O Kf8 19. Qf4 c5 20. dxc6 bxc6 21. Bc3 Nc7 22. Qg3 Nd5 23. e4 Nxc3 24. dxc3 Ra2 25. Bc4 Ra3 26. Rfd1 Qe5 27. Qxe5 fxe5 28. Rxd6 Ke7 29. Rcd1 Rc7 30. R6d3 Bg4 31. f3 Bd7 32. h4 Rca7 33. R1d2 Ra1+ 34. Kh2 Rc1 35. Bb3 Be8 36. g3 Ra3 37. Rc2 Re1 38. Ba2 Ra1 39. Rdd2 c5 40. bxc5 Ba4 41. Rb2 Rxc3 42. Rb7+ Kf8 43. Rd8+ Be8 44. Rf7+ Kg8 45. Rxe8+ Kh7 46. Be6 Rc2+ 47. Kh3 Kg6 48. h5+ Kxh5 49. Rf5+ Kg6 50. Bf7+ Kh7 51. Re6 g5 52. Bg6+ Kg8 53. Rf7 Ra8 54. Ree7 Rxc5 55. Rg7+ Kh8 56. Rh7+ Kg8 57. Rxh6 Ra6 58. Bh7+ Kf8 59. Rxa6 Kxe7 60. Kg4 Rc3 61. Bf5 Kf7 62. Re6 Rc5 63. Kxg5 Ra5 64. Rd6 Ra3 65. Bg4 Ra7 66. Rd7+ 1-0

[Event "DM Hurtigskak 2024"]
[Site "Helsingor"]
[Date "2024.08.31"]
[Round "2.3"]
[White "Thybo, Jesper Sondergaard"]
[Black "Hoyer, Jacob K"]
[Result "1-0"]
[WhiteElo "2484"]
[BlackElo "2176"]
[EventDate "2024.08.31"]
[EventType "swiss"]
[EventRounds "9"]
[EventCountry "DEN"]
[SourceTitle "Live v. Kasper Jerwiarz"]

1. Nf3 c5 2. c4 Nf6 3. Nc3 e6 4. g3 Be7 5. Bg2 O-O 6. O-O Nc6 7. d4 cxd4 8. Nxd4 a6 9. Bf4 Qb6 10. Nb3 d6 11. Bxd6 Rd8 12. c5 Qa7 13. Ne4 Nxe4 14. Bxe4 Bxd6 15. cxd6 Qb8 16. Qc2 f5 17. Bxc6 bxc6 18. Rfd1 Rxd6 19. Rxd6 Qxd6 20. Rd1 Qe7 21. Qc5 Qxc5 22. Nxc5 Rb8 23. Rd8+ Kf7 24. Nxa6 Ra8 25. Nc5 Ke7 26. Rg8 Kf7 27. Rh8 h6 28. a4 Bb7 29. Rxa8 Bxa8 30. f4 Ke7 31. Kf2 Kd6 32. b4 e5 33. fxe5+ Kxe5 34. Ke3 g5 35. Nd7+ Kd6 36. Nb6 Bb7 37. Kd4 Ba6 38. e3 h5 39. Nc4+ Ke6 40. Ne5 Bb7 41. a5 h4 42. gxh4 gxh4 43. Ng6 1-0

[Event "DM Hurtigskak 2024"]
[Site "Helsingor"]
[Date "2024.08.31"]
[Round "2.4"]
[White "Wilbrandt, Simon Pil"]
[Black "Bjerre, Jonas Buhl"]
[Result "0-1"]
[WhiteElo "2180"]
[BlackElo "2475"]
[EventDate "2024.08.31"]
[EventType "swiss"]
[EventRounds "9"]
[EventCountry "DEN"]
[SourceTitle "Live v. Kasper Jerwiarz"]

1. d4 Nf6 2. f3 d5 3. e4 dxe4 4. c4 e6 5. Nc3 Bb4 6. Bg5 c5 7. a3 Bxc3+ 8. bxc3 cxd4 9. cxd4 Nc6 10. fxe4 Qxd4 11. Qxd4 Nxd4 12. O-O-O e5 13. Nf3 Bg4 14. Bxf6 gxf6 15. Rd3 Bxf3 16. gxf3 Rc8 17. Rc3 Rg8 18. Bh3 Rc6 19. Kd2 Rb6 20. f4 Rb2+ 21. Ke3 Ne2 22. Rd3 Nxf4 23. Bd7+ Ke7 24. Rdd1 Rb3+ 25. Kf2 Rg2+ 26. Kf1 Rf3+ 0-1

[Event "DM Hurtigskak 2024"]
[Site "Helsingor"]
[Date "2024.08.31"]
[Round "2.5"]
[White "Bromann, Thorbjorn"]
[Black "Molvig, Henrik"]
[Result "0-1"]
[WhiteElo "2413"]
[BlackElo "2125"]
[EventDate "2024.08.31"]
[EventType "swiss"]
[EventRounds "9"]
[EventCountry "DEN"]
[SourceTitle "Live v. Kasper Jerwiarz"]

1. d4 Nf6 2. Nc3 d5 3. Bg5 e6 4. e4 Bb4 5. exd5 Qxd5 6. Bxf6 gxf6 7. Qd2 Qa5 8. Nge2 c6 9. g3 Nd7 10. Bg2 f5 11. O-O Nf6 12. a3 Be7 13. b4 Qc7 14. Nf4 Bd7 15. Nd3 h5 16. h4 Ng4 17. Rfe1 Rg8 18. b5 Bxh4 19. bxc6 Bxc6 20. d5 Bxg3 21. fxg3 Qxg3 22. Qf4 Qxf4 23. Nxf4 Bd7 24. Nxh5 O-O-O 25. dxe6 fxe6 26. Nf4 Rde8 27. Rad1 e5 28. Nfd5 e4 29. Kf1 Bc6 30. Bh3 Kb8 31. Bxg4 Rxg4 32. Nf6 Rf4+ 33. Ke2 Rh8 34. Rh1 Rf8 35. Ncd5 Rf3 36. Rh7 Rxa3 37. Rb1 f4 38. Kd2 e3+ 39. Kc1 Rd8 40. Ne7 Ba4 41. Ned5 Bc6 42. Nxf4 Rc3 43. Rb3 Rxb3 44. cxb3 a5 45. Re7 Rf8 46. N6d5 a4 47. b4 Rf5 48. Nxe3 Rxf4 49. Nc2 Rc4 50. Kb2 Be4 51. Ne3 Rxb4+ 52. Ka3 Rb3+ 53. Kxa4 Rxe3 54. Kb4 Re2 55. Kc3 Bf3 56. Rf7 Bc6 57. Kd3 Re5 58. Kd4 Rd5+ 59. Kc4 Ka7 60. Rf2 Kb6 61. Rb2+ Kc7 62. Rf2 Rd7 63. Kc5 b6+ 64. Kc4 Rh7 65. Kb4 Rh4+ 66. Kc3 b5 67. Kb3 Kb6 68. Rf5 0-1

[Event "DM Hurtigskak 2024"]
[Site "Helsingor"]
[Date "2024.08.31"]
[Round "2.6"]
[White "Rosenlund, Thorbjorn"]
[Black "Hove, Esben Kjems"]
[Result "0-1"]
[WhiteElo "2121"]
[BlackElo "2305"]
[EventDate "2024.08.31"]
[EventType "swiss"]
[EventRounds "9"]
[EventCountry "DEN"]
[SourceTitle "Live v. Kasper Jerwiarz"]

1. c4 c6 2. d4 d5 3. Nf3 Nf6 4. e3 Bf5 5. Bd3 Bxd3 6. Qxd3 e6 7. Nbd2 Nbd7 8. O-O Be7 9. e4 dxe4 10. Nxe4 Nxe4 11. Qxe4 Nf6 12. Qe2 O-O 13. Rd1 Qc7 14. Bg5 Rad8 15. a3 Rfe8 16. Bh4 Nh5 17. Bg3 Nxg3 18. hxg3 Bf6 19. Rac1 c5 20. dxc5 Qxc5 21. b4 Qc6 22. Qe3 Qa4 23. Nd2 Bb2 24. Rb1 Qc2 25. Qb3 Rxd2 0-1

[Event "DM Hurtigskak 2024"]
[Site "Helsingor"]
[Date "2024.08.31"]
[Round "2.7"]
[White "Christensen, Janus"]
[Black "Pedersen, Daniel Vesterbaek"]
[Result "0-1"]
[WhiteElo "2099"]
[BlackElo "2240"]
[EventDate "2024.08.31"]
[EventType "swiss"]
[EventRounds "9"]
[EventCountry "DEN"]
[SourceTitle "Live v. Kasper Jerwiarz"]

1. d4 Nf6 2. c4 e6 3. Nf3 d5 4. g3 Be7 5. Bg2 O-O 6. O-O dxc4 7. Qc2 a6 8. a4 Bd7 9. Qxc4 Bc6 10. Nc3 a5 11. Re1 Bxf3 12. Bxf3 c6 13. e4 Na6 14. Be3 Nb4 15. Qb3 Qc7 16. Rad1 Rad8 17. Ne2 h6 18. Kg2 Rfe8 19. g4 Nd7 20. Bf4 e5 21. Bg3 Bd6 22. Rc1 exd4 23. Nxd4 Bxg3 24. hxg3 Ne5 25. Rcd1 Ned3 26. Rxd3 Nxd3 27. Qxd3 Qd7 28. Rd1 c5 29. Qb5 cxd4 30. Qxa5 Ra8 31. Qb6 Re6 32. Qxd4 Qxd4 33. Rxd4 Rb6 34. e5 Re8 35. Be4 Rxb2 36. Rd7 Rb4 37. Bxb7 Rxa4 38. f4 Ra7 39. Bc6 Rxd7 40. Bxd7 Rd8 41. Bf5 g5 42. Kf3 Rb8 43. e6 Rb3+ 44. Kf2 Rb2+ 45. Kf3 Kf8 46. exf7 Kxf7 47. Bd3 Ke6 48. fxg5 hxg5 49. Bf5+ Ke5 50. Bh7 Kd4 51. Bf5 Rb3+ 52. Kf2 Rb7 53. Kf3 Re7 54. Kf2 Kc3 55. Kf3 Kd2 56. Be4 Re5 57. Bf5 Ke1 58. Bd3 Ra5 59. Bf5 Kf1 60. Bd3+ Kg1 61. Bf5 Kh2 62. Be6 Ra3+ 63. Ke4 Kxg3 64. Kf5 Kh4 65. Ke4 Ra4+ 66. Kf3 Rf4+ 67. Ke3 Rxg4 68. Kf2 Re4 69. Bc8 g4 70. Kf1 Rc4 71. Be6 Rc2 72. Bd5 Rb2 73. Kg1 Kg3 0-1

[Event "DM Hurtigskak 2024"]
[Site "Helsingor"]
[Date "2024.08.31"]
[Round "2.8"]
[White "Larsen, Karsten"]
[Black "Gregor, Bjarke"]
[Result "0-1"]
[WhiteElo "2235"]
[BlackElo "2109"]
[EventDate "2024.08.31"]
[EventType "swiss"]
[EventRounds "9"]
[EventCountry "DEN"]
[SourceTitle "Live v. Kasper Jerwiarz"]

1. d4 d5 2. Bf4 e6 3. e3 Nf6 4. Nd2 Bd6 5. Bg3 O-O 6. Bd3 c5 7. c3 Qc7 8. Ngf3 Nbd7 9. O-O Bxg3 10. hxg3 e5 11. dxe5 Nxe5 12. Nxe5 Qxe5 13. Nf3 Qe7 14. Qc2 g6 15. c4 dxc4 16. Bxc4 Bf5 17. Bd3 Bxd3 18. Qxd3 Rfd8 19. Qc4 a6 20. Rac1 Ne4 21. a4 b5 22. axb5 axb5 23. Qxb5 Rab8 24. Qe2 Qf6 25. Rc2 Rb4 26. Ra1 Rdb8 27. Ra2 h5 28. Nd2 Ng5 29. Nc4 Kg7 30. Ra1 Rh8 31. Rac1 h4 32. gxh4 Rxh4 33. f3 Ne6 34. Qf2 Qg5 35. Nd6 Qh5 36. Kf1 Rh1+ 37. Ke2 Rh2 38. Ne4 Rxe4 39. Rd1 Nd4+ 40. Kd2 Nxc2 41. fxe4 Nb4 42. Qg3 Rh4 43. Rf1 Rxe4 44. Qd6 Qd5+ 45. Qxd5 Nxd5 46. Kd3 Re7 47. Kc4 Nf6 48. Kxc5 Rxe3 49. b4 Rc3+ 50. Kd4 Rc2 51. b5 Rxg2 52. Rb1 Nd7 53. Ra1 0-1

[Event "DM Hurtigskak 2024"]
[Site "Helsingor"]
[Date "2024.08.31"]
[Round "2.9"]
[White "Bjorneboe, Kristian"]
[Black "Ostergaard, Jens"]
[Result "0-1"]
[WhiteElo "1967"]
[BlackElo "2222"]
[EventDate "2024.08.31"]
[EventType "swiss"]
[EventRounds "9"]
[EventCountry "DEN"]
[SourceTitle "Live v. Kasper Jerwiarz"]

1. Nf3 Nf6 2. d4 g6 3. Nc3 d5 4. Bf4 Bg7 5. e3 O-O 6. Be2 c5 7. Ne5 Nc6 8. O-O cxd4 9. exd4 Qb6 10. Nxc6 bxc6 11. Na4 Qa5 12. Nc5 Nd7 13. Nxd7 Bxd7 14. c3 f6 15. Qd2 e5 16. dxe5 fxe5 17. Bh6 Rab8 18. Bxg7 Kxg7 19. b4 Qd8 20. c4 Bf5 21. cxd5 cxd5 22. Rfd1 d4 23. f4 d3 24. Bxd3 Qd4+ 25. Qf2 Qxf2+ 26. Kxf2 Bxd3 27. Rxd3 Rxf4+ 28. Ke3 Rbxb4 29. Rd7+ Rf7 30. Rad1 Ra4 31. R1d2 Rxd7 32. Rxd7+ Kf6 33. Rxh7 Rxa2 34. g3 a5 35. h4 Ra3+ 36. Kf2 a4 37. h5 gxh5 38. Rxh5 Ra1 39. Ke3 a3 40. Rh6+ Kf5 41. Ra6 a2 0-1

[Event "DM Hurtigskak 2024"]
[Site "Helsingor"]
[Date "2024.08.31"]
[Round "2.10"]
[White "Meskenas, Paulius"]
[Black "Wahlgreen, Noah Krug"]
[Result "1-0"]
[WhiteElo "2204"]
[BlackElo "2025"]
[EventDate "2024.08.31"]
[EventType "swiss"]
[EventRounds "9"]
[EventCountry "DEN"]
[SourceTitle "Live v. Kasper Jerwiarz"]

1. e4 c6 2. d4 d5 3. Nc3 dxe4 4. Nxe4 Nf6 5. Nxf6+ exf6 6. c3 Bd6 7. Bd3 O-O 8. Qc2 Re8+ 9. Ne2 h5 10. O-O Nd7 11. Ng3 Qc7 12. f4 h4 13. Nf5 h3 14. Nxd6 Qxd6 15. gxh3 c5 16. Qf2 cxd4 17. Qxd4 Qxd4+ 18. cxd4 Nf8 19. Kg2 Ne6 20. Be3 b6 21. Rfe1 Nc7 22. Bf2 Rd8 23. Kg3 f5 24. Re5 g6 25. Rae1 Be6 26. b3 Rd6 27. Rc1 Rd7 28. h4 Bd5 29. h5 Ne8 30. Bb5 Rdd8 31. Bxe8 f6 32. Rxd5 Rxd5 33. Bc6 1-0

[Event "DM Hurtigskak 2024"]
[Site "Helsingor"]
[Date "2024.08.31"]
[Round "3.1"]
[White "Ostergaard, Jens"]
[Black "Hansen, Sune Berg"]
[Result "0-1"]
[WhiteElo "2222"]
[BlackElo "2576"]
[EventDate "2024.08.31"]
[EventType "swiss"]
[EventRounds "9"]
[EventCountry "DEN"]
[SourceTitle "Live v. Kasper Jerwiarz"]

1. d4 Nf6 2. Nf3 g6 3. c4 Bg7 4. Nc3 d6 5. e4 Nbd7 6. Be2 e5 7. O-O O-O 8. Re1 h6 9. Bf1 Nh7 10. g3 exd4 11. Nxd4 Ng5 12. Bg2 Ne5 13. Bxg5 hxg5 14. Rc1 g4 15. Nd5 c6 16. Ne3 Qf6 17. b4 Re8 18. c5 Rd8 19. Nec2 dxc5 20. bxc5 Be6 21. Rb1 Rd7 22. Rb4 b6 0-1

[Event "DM Hurtigskak 2024"]
[Site "Helsingor"]
[Date "2024.08.31"]
[Round "3.2"]
[White "Molvig, Henrik"]
[Black "Thybo, Jesper Sondergaard"]
[Result "0-1"]
[WhiteElo "2125"]
[BlackElo "2484"]
[EventDate "2024.08.31"]
[EventType "swiss"]
[EventRounds "9"]
[EventCountry "DEN"]
[SourceTitle "Live v. Kasper Jerwiarz"]

1. d4 Nf6 2. c4 e6 3. Nf3 d5 4. Nc3 Nbd7 5. Bg5 h6 6. Bh4 c6 7. e3 g5 8. Bg3 Nh5 9. Be5 Nxe5 10. Nxe5 Nf6 11. h4 Bg7 12. hxg5 hxg5 13. Rxh8+ Bxh8 14. Be2 Nd7 15. Nxd7 Bxd7 16. cxd5 exd5 17. Bg4 f5 18. Bh5+ Ke7 19. Be2 Bf6 20. Qc2 Qh8 21. O-O-O Qh2 22. Bd3 Rf8 23. g3 f4 24. exf4 gxf4 25. Re1+ Kd8 26. Bf5 fxg3 27. Bxd7 gxf2 28. Rf1 Kxd7 29. Qf5+ Kd8 30. Rxf2 Qxf2 0-1

[Event "DM Hurtigskak 2024"]
[Site "Helsingor"]
[Date "2024.08.31"]
[Round "3.3"]
[White "Bjerre, Jonas Buhl"]
[Black "Meskenas, Paulius"]
[Result "1-0"]
[WhiteElo "2475"]
[BlackElo "2204"]
[EventDate "2024.08.31"]
[EventType "swiss"]
[EventRounds "9"]
[EventCountry "DEN"]
[SourceTitle "Live v. Kasper Jerwiarz"]

1. e4 e5 2. Nf3 Nc6 3. Bb5 a6 4. Ba4 Nf6 5. O-O Nxe4 6. Re1 Nc5 7. Bxc6 dxc6 8. Nxe5 Be7 9. d4 Ne6 10. Be3 O-O 11. c4 f6 12. Nf3 f5 13. Bd2 f4 14. Bc3 Ng5 15. Nbd2 Bg4 16. h3 Bh5 17. Qe2 Bf6 18. Qd3 Bg6 19. Qf1 c5 20. Nxg5 Bxg5 21. d5 c6 22. Nf3 cxd5 23. cxd5 b5 24. Rad1 Bf6 25. d6 Ra7 26. Bxf6 Rxf6 27. Ne5 Rxd6 28. Nc6 Rxd1 29. Rxd1 Qc7 30. Nxa7 Qxa7 31. Rd8+ Kf7 32. Qd1 Bf5 33. Qh5+ 1-0

[Event "DM Hurtigskak 2024"]
[Site "Helsingor"]
[Date "2024.08.31"]
[Round "3.4"]
[White "Hove, Esben Kjems"]
[Black "Falkesgaard, Jeppe Hald"]
[Result "0-1"]
[WhiteElo "2305"]
[BlackElo "2189"]
[EventDate "2024.08.31"]
[EventType "swiss"]
[EventRounds "9"]
[EventCountry "DEN"]
[SourceTitle "Live v. Kasper Jerwiarz"]

1. d4 d5 2. Bf4 c5 3. e3 Nc6 4. c3 Nf6 5. Nd2 Bf5 6. Ngf3 e6 7. Be2 Qb6 8. Qc1 Rc8 9. dxc5 Bxc5 10. Nb3 Be7 11. O-O O-O 12. Ne5 Nxe5 13. Bxe5 Nd7 14. Bg3 a5 15. Nd4 Bg6 16. Nb5 a4 17. Rd1 Rc5 18. c4 Nf6 19. b4 axb3 20. axb3 Rfc8 21. Qb2 Ne4 22. Be5 dxc4 23. bxc4 Rxe5 24. Qxe5 Bf6 25. Qf4 Bxa1 26. Rxa1 Qc5 27. Qc7 Rxc7 0-1